| 000 | 00912nam a2200241Ia 4500 | ||
|---|---|---|---|
| 001 | 11419 | ||
| 003 | GE_BSU | ||
| 008 | 181216s||||||||xx |||||||||||||| ||und|| | ||
| 040 | _cGE_BSU | ||
| 080 | _a631.8(479.22)+016:631.8(479.22) | ||
| 100 | _aსარიშვილი,ივ; გრ.თოდუა. | ||
| 245 | _aაგრონომიული ქიმია საქართველოში. | ||
| 245 | _bისტორია,ბიბლიოგრაფია. | ||
| 245 | _cივ.ფ.სარიშვილის რედ. | ||
| 260 | _aთბილისი. | ||
| 260 | _bსაქ.სას.-სამ.ინ-ტი. | ||
| 260 | _c1970. | ||
| 300 | _a456გვ;22სმ. | ||
| 300 | _eბიბლიოგრ:გვ 504-526. | ||
| 653 | _aაგრონომიული ქიმია საქართველოში. | ||
| 653 | _aქიმია | ||
| 942 | _cBK | ||
| 999 |
_c44616 _d44616 |
||